| 000 | 00417pab a2200169 454500 | ||
|---|---|---|---|
| 008 | 180718b2013 xxu||||| |||| 00| 0 eng d | ||
| 100 | _aSundaram, Jomo Kwame | ||
| 245 | _aWidening global income inequality | ||
| 260 | _c2013 | ||
| 300 | _ap.21-22. | ||
| 362 | _a27 Apr | ||
| 650 | _aIncome distribution | ||
| 700 | _aPopov, Valdimir | ||
| 773 | _aEconomic and Political Weekly | ||
| 908 | _aN | ||
| 909 | _a99346 | ||
| 999 |
_c99345 _d99345 |
||